Bidirectional Language Agnostic Framework for Sign Language Production and Recognition / (Record no. 612180)

000 -LEADER
fixed length control field 00580nam a22001577a 4500
003 - CONTROL NUMBER IDENTIFIER
control field NUST
082 ## - DEWEY DECIMAL CLASSIFICATION NUMBER
Classification number 629.8
100 ## - MAIN ENTRY--PERSONAL NAME
Personal name Ahmed ,Mateen
245 ## - TITLE STATEMENT
Title Bidirectional Language Agnostic Framework for Sign Language Production and Recognition /
Statement of responsibility, etc. Mateen Ahmed
264 ## - PRODUCTION, PUBLICATION, DISTRIBUTION, MANUFACTURE, AND COPYRIGHT NOTICE
Place of production, publication, distribution, manufacture Islamabad :
Name of producer, publisher, distributor, manufacturer SMME- NUST;
Date of production, publication, distribution, manufacture, or copyright notice 2024.
300 ## - PHYSICAL DESCRIPTION
Extent 69p. ;
Other physical details Soft Copy
Dimensions 30cm.
650 ## - SUBJECT ADDED ENTRY--TOPICAL TERM
Topical term or geographic name entry element MS Robotics and Intelligent Machine Engineering
700 ## - ADDED ENTRY--PERSONAL NAME
Personal name Supervisor: Dr. Muhammad Tauseef Nasir
856 ## - ELECTRONIC LOCATION AND ACCESS
Uniform Resource Identifier <a href="http://10.250.8.41:8080/xmlui/handle/123456789/47354">http://10.250.8.41:8080/xmlui/handle/123456789/47354</a>
942 ## - ADDED ENTRY ELEMENTS (KOHA)
Source of classification or shelving scheme
Koha item type Thesis
Holdings
Withdrawn status Permanent Location Current Location Shelving location Date acquired Full call number Barcode Koha item type
  School of Mechanical & Manufacturing Engineering (SMME) School of Mechanical & Manufacturing Engineering (SMME) E-Books 10/26/2024 629.8 SMME-TH-1089 Thesis
© 2023 Central Library, National University of Sciences and Technology. All Rights Reserved.